000
00232nam a2200097Ia 4500
001
766128
005
20250826165335.0
008
250824s9999 xx 000 0 und d
245
0
_a
ALPASLAN
_c
MUSTAFA AKGÜN
260
_b
PANAMA YAYINLARI
999
_c
766128
_d
766128